Marketingová komunikácia a komunikačné nástroje personálneho marketingu v kontexte zmien na trhu práce
Marketingová komunikácia a komunikačné nástroje v oblasti trhu práce. E-komunikačné nástroje v personálnom marketingu.
Saved in:
| Main Author: | |
|---|---|
| Other Authors: | |
| Format: | Book Chapter |
| Language: | Slovak |
| Subjects: | |
| Tags: |
No Tags, Be the first to tag this record!
|
MARC
| LEADER | 00000naa$a2200000$$$4500 | ||
|---|---|---|---|
| 001 | 0104652 | ||
| 005 | 20240502072140.2 | ||
| 041 | 0 | |a slo | |
| 044 | |a SK | ||
| 245 | 1 | 0 | |a Marketingová komunikácia a komunikačné nástroje personálneho marketingu v kontexte zmien na trhu práce |c Miroslava Szarková, Lenka Klimentová |
| 520 | |a Marketingová komunikácia a komunikačné nástroje v oblasti trhu práce. E-komunikačné nástroje v personálnom marketingu. | ||
| 610 | 2 | 0 | |a komunikácia marketingová |
| 610 | 2 | 0 | |a nástroje marketingové |
| 610 | 2 | 0 | |a trh práce |
| 610 | 2 | 0 | |a marketing personálny |
| 610 | 2 | 0 | |a zdroje ľudské |
| 610 | 2 | 0 | |a kapitál ľudský |
| 610 | 2 | 0 | |a technológie informačné |
| 610 | 2 | 0 | |a technológie komunikačné |
| 100 | 1 | |a Szarková, Miroslava, 1951- | |
| 700 | 1 | |a Klimentová, Lenka | |